Normal view MARC view
  • Franken, Robert E.,

Entry Personal Name

Number of records used in: 2

001 - CONTROL NUMBER

  • control field: 12735

003 - CONTROL NUMBER IDENTIFIER

  • control field: NUST

005 - DATE AND TIME OF LATEST TRANSACTION

  • control field: 20181220064503.0

008 - FIXED-LENGTH DATA ELEMENTS

  • fixed length control field: 181220|| aca||aabn | a|a d

040 ## - CATALOGING SOURCE

  • Original cataloging agency: NUST
  • Transcribing agency: NUST

100 ## - HEADING--PERSONAL NAME

  • Personal name: Franken, Robert E.,
  • Dates associated with a name: 1939-

670 ## - SOURCE DATA FOUND

  • Source citation: Work cat.: (NUST)0: Franken, Robert E., 1939-, Human motivation /, c2007.
© 2023 Central Library, National University of Sciences and Technology. All Rights Reserved.